Protagonisti fantasy e distopici - Statistics

Statistiche generali
  • Questo quiz è stato fatto 49 volte
  • Il punteggio medio è 7 su 14
Statistiche sulle risposte
Hint Risposta % Corretto
Harry Potter Harry
98%
Huger Games Katniss
83%
Eroi dell'Olimpo Percy
83%
Il Signore degli Anelli Frodo
76%
Lo Hobbit Bilbo
73%
Divergent Series Tris
49%
Cronache del Ghiaccio e del Fuoco (Il Trono di Spade) Bran
44%
Le Cronache di Narnia Lucy
44%
La Storia Infinita Atreiu
41%
Maze Runner Thomas
41%
Cronache del Mondo Emerso Nihal
34%
Le Guerre del Mondo Emerso Dubhe
27%
Berlin Jakob
15%
La Guerra degli Elfi Henry
7%
Nessun quiz corrispondente trovato
Distribuzione punteggi
Percentuale di utenti per punteggio
Percentile per numero di risposta
I tuoi punteggi nel tempo
Non hai fatto questo quiz